000 01038nam0a2200313 4500
001 RU\NLR\bibl\1759793
005 20250616123709.0
010 _a978-5-699-46925-3
_94000
021 _aRU
_b2011-9332
_9157д/11
035 _a(NLR Aleph) 001750614
090 _a1516448
_c1516448
100 _a20110418d2011 |||y0rusy50 ca
101 0 _arus
102 _aRU
105 _ay |||||||||
200 1 _aВсе цветы для вашего сада
_fД. Князева, Т. Князева
210 _aМосква
_cЭксмо
_d2011
215 _a221, [1] с.
_d17
225 1 _aУрожайкины всегда с урожаем!
606 1 _aПриусадебное цветоводство
_jСправочники
_91961310
_3RU\NLR\auth\66897824
686 _aП274,1я2
700 1 _aКнязева
_bД. В.
_gДарья Викторовна
_4070
701 1 _aКнязева
_bТ.
_4070
801 0 _aRU
_bNLR
_c20110418
_gRCR
801 1 _aRU
_bNLR
_c20110418
942 _cBOOK
980 _aNB
980 _aNBR